Normale Ansicht
MARC-Ansicht
Eintrag Personenname
001 - Kontrollnummer
- Kontrollfeld: 66903
003 - Kontrollnummer Identifier
- Kontrollfeld:
005 - Datum und Zeit der letzten Transaktion
- Kontrollfeld: 20250915105245.0
008 - Datenelemente mit fester Länge
- Kontrollfeld mit fester Länge: 250915|| aca||aabn | a|a d
040 ## - Katalogisierungsquelle
- Original-Katalogisierungsstelle:
- Übertragungsstelle:
100 ## - Ansetzung - Personenname
- Personenname: Uhl, Matthias
- Datumsangaben in Verbindung mit einem Namen: 1970-
670 ## - Datenquelle
- Quellenangabe: Work cat.: ()72827: Uhl, Matthias 1970- VerfasserIn (DE-588)12171425X (DE-627)546761720 (DE-576)292845081 aut, GRU